000 00589 a2200181 4500
001 068270
003 OSt
005 20220215163619.0
008
082 _a518.63
_bS89N
100 1 _aSewell, Granville
245 1 _aNumerical solution of ordinary and partial differential equations
_cby Granville Sewell
250 _a2nd ed.
260 _aIndia
_bWiley
_c2005
300 _a333p.
653 _aDifferential equations--Numerical solutions--Data processing; Differential equations, Partial--Numerical solutions--Data processing
942 _2ddc
_cBK
999 _c1973
_d1973